Manchester City Council v Railtrack (Record no. 71952)

MARC details
000 -LEADER
fixed length control field 01434cam a2200253 4500
001 - CONTROL NUMBER
control field ABS66328
008 - FIXED-LENGTH DATA ELEMENTS--GENERAL INFORMATION
fixed length control field 030122n2003 000 0 eng u
035 ## - SYSTEM CONTROL NUMBER
System control number (Sirsi) u121091
245 ## - TITLE STATEMENT
Title Manchester City Council v Railtrack
260 ## - PUBLICATION, DISTRIBUTION, ETC.
Date of publication, distribution, etc. 2003
490 ## - SERIES STATEMENT
Series statement Estates Gazette Case Summaries
Volume/sequential designation [2003] 01 EG 66 (CS)
520 ## - SUMMARY, ETC.
Summary, etc. QBD 11 December 2002. Appeal by the council (M) against the respondent (R) alleging that it had breached Building Regulations 2000 Reg12(2)(B) by extending retail areas at Manchester's Piccadilly railway station without obtaining building regulations approval as required by regulation 14. The magistrates found that R's activities fell within the statutory exemption contained in the Building Act 1984 s4(1)(b), which relieves statutory undertakers of the duty to submit plans for approval in relation to buildings used by them for the purpose of their undertaking, unless it is used as offices and not part of a railway station. M appealed. "Held", the appeal was dismissed.
590 ## - LOCAL NOTE (RLIN)
Local note ABS
650 ## - SUBJECT ADDED ENTRY--TOPICAL TERM
Topical term or geographic name entry element BUILDING REGULATIONS
9 (RLIN) 6224
650 ## - SUBJECT ADDED ENTRY--TOPICAL TERM
Topical term or geographic name entry element STATUTORY UNDERTAKERS
650 ## - SUBJECT ADDED ENTRY--TOPICAL TERM
Topical term or geographic name entry element MANCHESTER CITY COUNCIL V RAILTRACK PLC
650 ## - SUBJECT ADDED ENTRY--TOPICAL TERM
Topical term or geographic name entry element BUILDING ACT 1984 S4(1)(B)
650 ## - SUBJECT ADDED ENTRY--TOPICAL TERM
Topical term or geographic name entry element BUILDING REGULATIONS 2000 REG 12(2)(B)
650 ## - SUBJECT ADDED ENTRY--TOPICAL TERM
Topical term or geographic name entry element RAILWAY STATIONS
650 ## - SUBJECT ADDED ENTRY--TOPICAL TERM
Topical term or geographic name entry element EXEMPTION
650 ## - SUBJECT ADDED ENTRY--TOPICAL TERM
Topical term or geographic name entry element LOCAL PLANNING
690 ## - LOCAL SUBJECT ADDED ENTRY--TOPICAL TERM (OCLC, RLIN)
Topical term or geographic name as entry element BUILDING AND CONSTRUCTION-REGULATION AND CONTROL-CASE LAW
942 ## - ADDED ENTRY ELEMENTS (KOHA)
Suppress in OPAC 0
Holdings
Withdrawn status Lost status Source of classification or shelving scheme Damaged status Not for loan Home library Current library Shelving location Date acquired Total Checkouts Full call number Barcode Date last seen Copy number Price effective from Koha item type
    Dewey Decimal Classification     London London Journal article 22/01/2003   ABS66328 121091-1001 06/08/2019 1 06/08/2019 Law report